000 00455nam a2200205Ia 4500
001 12845
003 GE_BSU
008 181216s||||||||xx |||||||||||||| ||und||
020 _a0002245787
040 _cGE_BSU
080 _a821.111-312.4
100 _aClancy,Tom.
245 _aExecutive Orders.
260 _aLondon.
260 _bHarper Collins Publishers.
260 _c1996
300 _a874p;24cm.
653 _aExecutive Orders.
942 _cBK
999 _c46015
_d46015